Economics of small business : (Record no. 51732)

MARC details
000 -LEADER
fixed length control field 00588nam a2200205Ia 4500
005 - DATE AND TIME OF LATEST TRANSACTION
control field 20260429111959.0
008 - FIXED-LENGTH DATA ELEMENTS--GENERAL INFORMATION
fixed length control field 260429s9999||||xx |||||||||||||| ||und||
020 ## - INTERNATIONAL STANDARD BOOK NUMBER
International Standard Book Number 9780000991522
041 ## - LANGUAGE CODE
Language English
082 ## - DEWEY DECIMAL CLASSIFICATION NUMBER
Classification number 338.642
Item number MCC
100 ## - MAIN ENTRY--PERSONAL NAME
Personal name Mccain, Roger A
245 #0 - TITLE STATEMENT
Title Economics of small business :
Remainder of title an introductory survey /
Statement of responsibility, etc Roger A Mccain
260 ## - PUBLICATION, DISTRIBUTION, ETC. (IMPRINT)
Place of publication, distribution, etc Singapore :
Name of publisher, distributor, etc World Scientific Publishing,
Date of publication, distribution, etc 2024.
300 ## - PHYSICAL DESCRIPTION
Extent xi, 272 p.; pbk
650 ## - SUBJECT ADDED ENTRY--TOPICAL TERM
Topical term or geographic name as entry element Production economics
650 ## - SUBJECT ADDED ENTRY--TOPICAL TERM
Topical term or geographic name as entry element Small business
650 ## - SUBJECT ADDED ENTRY--TOPICAL TERM
Topical term or geographic name as entry element Survey research
650 ## - SUBJECT ADDED ENTRY--TOPICAL TERM
Topical term or geographic name as entry element Economics
942 ## - ADDED ENTRY ELEMENTS (KOHA)
Koha item type Text Books
Holdings
Withdrawn status Lost status Damaged status Not for loan Collection code Home library Location Shelving location Date of Cataloging Source of acquisition Total Checkouts Full call number Barcode Date last seen Price effective from Koha item type
        Non-fiction CUTN Central Library CUTN Central Library Social Sciences 29/04/2026 Feel Books, Chennai - Invoice No. BLR/CRB/25-26/549 on 09-02-2026   338.642 MCC 56761 29/04/2026 29/04/2026 Text Books